[Event "OP-2013-0-02651"]
[Site "LSS email"]
[Date "2013.02.18"]
[Round "?"]
[White "Vontina, Maria"]
[Black "Pilarska, Lucyna"]
[Result "1-0"]
[WhiteElo "772"]
[BlackElo "1963"]
[PlyCount "23"]
[EventDate "2013.02.15"]
[EventType "tourn (corr)"]
[EventRounds "4"]
[EventCountry "GER"]
[SourceTitle "Corr 2015"]
[Source "ChessBase"]
[SourceDate "2015.07.17"]
[SourceVersion "1"]
[SourceVersionDate "2015.07.17"]
[SourceQuality "1"]

1. e4 c6 2. d4 d5 3. Nc3 dxe4 4. Nxe4 Bf5 5. Ng3 Bg6 6. Nf3 Nd7 7. h4 h6 8. h5 Bh7 9. Bd3 Bxd3 10. Qxd3 e6 11. Bd2 Ngf6 12. 0-0-0 1-0

[Event "OP-2013-0-02590"]
[Site "LSS email"]
[Date "2013.01.16"]
[Round "?"]
[White "Pilarska, Lucyna"]
[Black "Garcia, Javier N"]
[Result "1-0"]
[WhiteElo "1951"]
[BlackElo "789"]
[PlyCount "55"]
[EventDate "2013.01.13"]
[EventType "tourn (corr)"]
[EventRounds "4"]
[EventCountry "GER"]
[SourceTitle "Telechess CBM 159"]
[Source "ChessBase"]
[SourceDate "2014.03.17"]
[SourceVersion "1"]
[SourceVersionDate "2014.03.17"]
[SourceQuality "1"]

1. e4 c5 2. c3 e5 3. Nf3 d6 4. d4 cxd4 5. cxd4 Nd7 6. Bb5 a6 7. Ba4 Qa5+ 8. Bd2 Qd8 9. dxe5 b5 10. exd6 bxa4 11. e5 Nxe5 12. Nxe5 Bxd6 13. Qxa4+ Bd7 14. Nxd7 Qxd7 15. Qxd7+ Kxd7 16. 0-0 Nf6 17. Bc3 Rab8 18. Rd1 Rhe8 19. Nd2 Re6 20. Nc4 Ke7 21. Nxd6 Rxd6 22. f3 Rxd1+ 23. Rxd1 Kf8 24. Rd6 Ne8 25. Rxa6 f6 26. a4 Rd8 27. Ra7 Rd1+ 28. Kf2 1-0

[Event "CP-2011-Q-00003"]
[Site "LSS email"]
[Date "2013.01.14"]
[Round "?"]
[White "Lavis, Jon"]
[Black "Pilarska, Lucyna"]
[Result "1-0"]
[WhiteElo "2083"]
[BlackElo "1953"]
[PlyCount "29"]
[EventDate "2013.01.20"]
[EventType "tourn (corr)"]
[EventRounds "6"]
[EventCountry "GER"]
[SourceTitle "Corr 2015"]
[Source "ChessBase"]
[SourceDate "2015.07.17"]
[SourceVersion "1"]
[SourceVersionDate "2015.07.17"]
[SourceQuality "1"]

1. Nf3 Nf6 2. c4 g6 3. Nc3 Bg7 4. e4 d6 5. d4 0-0 6. h3 e5 7. d5 Na6 8. Bg5 Qe8 9. g4 Nd7 10. Be2 Ndc5 11. Rg1 Kh8 12. a3 f5 13. exf5 gxf5 14. gxf5 Bxf5 15. Nh4 1-0

[Event "CP-2011-Q-00003"]
[Site "LSS email"]
[Date "2013.01.14"]
[Round "?"]
[White "Pilarska, Lucyna"]
[Black "Nenciulescu, Silviu Catalin"]
[Result "0-1"]
[WhiteElo "1953"]
[BlackElo "2060"]
[PlyCount "20"]
[EventDate "2013.01.20"]
[EventType "tourn (corr)"]
[EventRounds "6"]
[EventCountry "GER"]
[SourceTitle "Corr 2015"]
[Source "ChessBase"]
[SourceDate "2015.07.17"]
[SourceVersion "1"]
[SourceVersionDate "2015.07.17"]
[SourceQuality "1"]

1. e4 e5 2. Nf3 Nc6 3. Bb5 a6 4. Ba4 Nf6 5. d3 b5 6. Bb3 Be7 7. 0-0 d6 8. a4 Bd7 9. Bd2 0-0 10. axb5 axb5 0-1

[Event "OP-2013-0-02587"]
[Site "LSS email"]
[Date "2013.01.14"]
[Round "?"]
[White "Wajnberg, Piotr"]
[Black "Pilarska, Lucyna"]
[Result "1-0"]
[WhiteElo "2246"]
[BlackElo "1963"]
[PlyCount "27"]
[EventDate "2013.01.11"]
[EventType "tourn (corr)"]
[EventRounds "4"]
[EventCountry "GER"]
[SourceTitle "Corr 2015"]
[Source "ChessBase"]
[SourceDate "2015.07.17"]
[SourceVersion "1"]
[SourceVersionDate "2015.07.17"]
[SourceQuality "1"]

1. e4 c5 2. Nf3 d6 3. d4 cxd4 4. Nxd4 Nf6 5. Nc3 a6 6. h3 e6 7. g4 d5 8. exd5 Nxd5 9. Bd2 b5 10. Bg2 Bb7 11. Nxd5 Bxd5 12. Bxd5 Qxd5 13. Qf3 Qxf3 14. Nxf3 1-0

[Event "OP-2012-0-02537"]
[Site "LSS email"]
[Date "2012.12.17"]
[Round "?"]
[White "Pilarska, Lucyna"]
[Black "Herzog, Klaus"]
[Result "0-1"]
[WhiteElo "1951"]
[BlackElo "1911"]
[PlyCount "32"]
[EventDate "2012.12.08"]
[EventType "tourn (corr)"]
[EventRounds "4"]
[EventCountry "GER"]
[SourceTitle "Corr 2015"]
[Source "ChessBase"]
[SourceDate "2015.07.17"]
[SourceVersion "1"]
[SourceVersionDate "2015.07.17"]
[SourceQuality "1"]

1. d4 Nf6 2. c4 g6 3. Nc3 Bg7 4. e4 0-0 5. f4 d6 6. Nf3 Na6 7. Bd3 c5 8. d5 Nc7 9. 0-0 a6 10. a4 b6 11. e5 Nfe8 12. Qe2 Bg4 13. h3 Bxf3 14. Rxf3 e6 15. dxe6 Nxe6 16. Qe3 Nd4 0-1

[Event "OP-2012-0-02465"]
[Site "LSS email"]
[Date "2012.10.25"]
[Round "?"]
[White "Pilarska, Lucyna"]
[Black "Lombardi, Donato"]
[Result "1-0"]
[WhiteElo "2374"]
[BlackElo "907"]
[PlyCount "57"]
[EventDate "2012.10.21"]
[EventType "tourn (corr)"]
[EventRounds "4"]
[EventCountry "GER"]
[SourceTitle "Telechess CBM 163"]
[Source "ChessBase"]
[SourceDate "2014.11.11"]
[SourceVersion "2"]
[SourceVersionDate "2014.11.11"]
[SourceQuality "1"]

1. d4 d5 2. c4 c6 3. Nf3 Nf6 4. Nc3 Nbd7 5. cxd5 cxd5 6. Bf4 e6 7. Qb3 Be7 8. h3 0-0 9. e3 Nb6 10. Bd3 Bd7 11. 0-0 Rc8 12. Ne5 Bc6 13. Rfc1 h6 14. a4 a5 15. Nb5 Bxb5 16. Qxb5 Bb4 17. Rxc8 Nxc8 18. Qxb7 Nd6 19. Qa6 Nde4 20. Nc6 Qc8 21. Nxb4 axb4 22. Qb5 Nd7 23. a5 f6 24. a6 e5 25. Qxd5+ Kh8 26. a7 exf4 27. a8Q Qxa8 28. Rxa8 Rxa8 29. Qxa8+ 1-0

[Event "OP-2012-0-02448"]
[Site "LSS email"]
[Date "2012.10.23"]
[Round "?"]
[White "Pilarska, Lucyna"]
[Black "O'Brien, Glenn"]
[Result "1-0"]
[WhiteElo "1951"]
[BlackElo "1314"]
[PlyCount "55"]
[EventDate "2012.10.10"]
[EventType "tourn (corr)"]
[EventRounds "4"]
[EventCountry "GER"]
[SourceTitle "Telechess CBM 159"]
[Source "ChessBase"]
[SourceDate "2014.03.17"]
[SourceVersion "1"]
[SourceVersionDate "2014.03.17"]
[SourceQuality "1"]

1. e4 e5 2. Nf3 Nc6 3. Bb5 a6 4. Ba4 Nf6 5. 0-0 Be7 6. Re1 b5 7. Bb3 0-0 8. a4 Bb7 9. d3 d6 10. Nbd2 Na5 11. Ba2 c5 12. Nf1 b4 13. Ne3 Bc8 14. Nd2 Rb8 15. Ndc4 Nc6 16. h3 Be6 17. a5 Nxa5 18. Nxa5 Qxa5 19. Nf5 Rfe8 20. Bh6 Bxa2 21. Bxg7 Bf8 22. Bxf6 h6 23. Qg4+ Kh7 24. Re3 Bb3 25. Rxa5 h5 26. Qxh5+ Bh6 27. Qxh6+ Kg8 28. Qh8# 1-0

[Event "OP-2012-0-02456"]
[Site "LSS email"]
[Date "2012.10.20"]
[Round "?"]
[White "Pilarska, Lucyna"]
[Black "Pauk, Jozef"]
[Result "1-0"]
[WhiteElo "2374"]
[BlackElo "887"]
[PlyCount "51"]
[EventDate "2012.10.16"]
[EventType "tourn (corr)"]
[EventRounds "4"]
[EventCountry "GER"]
[SourceTitle "Telechess CBM 163"]
[Source "ChessBase"]
[SourceDate "2014.11.11"]
[SourceVersion "2"]
[SourceVersionDate "2014.11.11"]
[SourceQuality "1"]

1. Nf3 Nf6 2. d4 d5 3. c4 e6 4. g3 dxc4 5. Bg2 Be7 6. 0-0 0-0 7. Qc2 b5 8. a4 Bb7 9. axb5 Bd5 10. Nc3 a6 11. Nxd5 exd5 12. Ne5 Qd6 13. e4 dxe4 14. Bxe4 Nxe4 15. Qxe4 Nd7 16. Nc6 Bf6 17. Bf4 Rfe8 18. Qxe8+ Rxe8 19. Bxd6 cxd6 20. bxa6 Nb6 21. a7 d5 22. Ra5 Bd8 23. Nxd8 Rxd8 24. Rb5 Na8 25. Rb8 Rf8 26. Re1 1-0

[Event "OP-2012-0-02456"]
[Site "LSS email"]
[Date "2012.10.20"]
[Round "?"]
[White "Pilgram, Kurt"]
[Black "Pilarska, Lucyna"]
[Result "1-0"]
[WhiteElo "1731"]
[BlackElo "2374"]
[PlyCount "49"]
[EventDate "2012.10.16"]
[EventType "tourn (corr)"]
[EventRounds "4"]
[EventCountry "GER"]
[SourceTitle "Telechess CBM 163"]
[Source "ChessBase"]
[SourceDate "2014.11.11"]
[SourceVersion "2"]
[SourceVersionDate "2014.11.11"]
[SourceQuality "1"]

1. Nf3 d5 2. g3 c6 3. Bg2 Bg4 4. b3 e6 5. Bb2 Nf6 6. 0-0 Be7 7. c4 0-0 8. Na3 Nbd7 9. Nc2 a5 10. Ne3 Bh5 11. Qc2 a4 12. bxa4 Qa5 13. cxd5 cxd5 14. Rfc1 Qxa4 15. h3 Qa6 16. g4 Bg6 17. d3 b6 18. Qd2 h6 19. Nc2 Bd6 20. Ncd4 e5 21. Nc2 e4 22. Nh4 Bh7 23. dxe4 Nxe4 24. Bxe4 Bxe4 25. Ne3 1-0

[Event "OP-2012-0-02444"]
[Site "LSS email"]
[Date "2012.10.17"]
[Round "?"]
[White "Pilarska, Lucyna"]
[Black "Raines, David T"]
[Result "1-0"]
[WhiteElo "1963"]
[BlackElo "999"]
[PlyCount "37"]
[EventDate "2012.10.07"]
[EventType "tourn (corr)"]
[EventRounds "4"]
[EventCountry "GER"]
[SourceTitle "Corr 2015"]
[Source "ChessBase"]
[SourceDate "2015.07.17"]
[SourceVersion "1"]
[SourceVersionDate "2015.07.17"]
[SourceQuality "1"]

1. e4 e6 2. d4 d5 3. Nc3 Nf6 4. e5 Nfd7 5. f4 c5 6. Nf3 Nc6 7. Be3 Be7 8. Qd2 0-0 9. Be2 a6 10. 0-0 b5 11. a3 Rb8 12. Kh1 b4 13. axb4 Nxb4 14. b3 f6 15. exf6 Rxf6 16. Na4 cxd4 17. Nxd4 Nc5 18. Nxc5 Bxc5 19. c3 1-0